| 000 | 00000nam##2200000za#4500 |
| 001 | 9.692825 |
| 003 | CaOODSP |
| 005 | 20210624233404 |
| 007 | cr ||||||||||| |
| 008 | 150407|2005||||xxc|||||o f|0| 0 eng|d |
| 040 | |aCaOODSP|beng |
| 043 | |an-cn--- |
| 086 | 1 |aTU4-11/2005E-PDF |
| 110 | 2 |aTransportation Safety Board of Canada. |
| 245 | 10|aInvestigation process |h[electronic resource] |
| 260 | |aOttawa - Ontario : |bTransportation Safety Board of Canada |cc2005. |
| 300 | |a16p.|bphotographs |
| 500 | |aThe Cat. No. (TU4-11/2005) and ISBN (0-662-68783-3) of the bilingual print edition have been incorrectly copied in the pdf edition. |
| 590 | |a10-05-Supp|b2010-07-20 |
| 690 | 07|aTransportation safety|2gcpds |
| 775 | 08|tDéroulement des enquêtes |w(CaOODSP)9.637034 |
| 856 | 40|ahttp://publications.gc.ca|qPDF|s332 KB|uhttps://publications.gc.ca/collections/collection_2009/bst-tsb/TU4-11-2005E.pdf |